000 00323nam a22001337a 4500
008 171025b xxu||||| |||| 00| 0 eng d
020 _a9781600420993
041 _aeng
080 _23RD
_a336.2
100 _a55
101 _aTAK
245 _aFEDERAL INCOME TAXATION OF BUSINESS ENTERPRISE
_cWESTIN,R.A
942 _2udc
_cBK
999 _c35914
_d35914